000 00719nam a2200217 a 4500
001 000024803
005 20200930023359.0
008 110204s1965 sp r 000 0 spa d
040 _aDO-SdBNP
_bspa
_cBNPHU
041 1 7 _aspa
_heng
_2Código de idiomas MARC
082 _ann*
_bnn*
100 1 _aRamati, Alexander.
_950897
240 1 0 _aIsrael today.
_lEspañol
245 1 0 _aIsrael, hoy /
_cAlexander Ramati ; traducción de Jesus Pardo.
260 _aBarcelona :
_bPlaza & Janes,
_c1965.
300 _a439 p. :
_bil. ;
_c21 cm.
534 _aTítulo original :
_tIsrael today
500 _aIncluye referencias bibliográficas y notas al pie de las páginas.
700 1 _aPardo, Jesus,
_etr.
_910903
049 _aBNPHU
999 _c24296
_d24296